De violencias y utopías. El papel queda en blanco para denunciar la injusticia.
Salvato in:
| Autore principale: | |
|---|---|
| Altri autori: | |
| Natura: | Libro |
| Pubblicazione: |
Viña del Mar, Chile:
Ediciones CC Pensamiento Crítico,
2010.
|
| Soggetti: | |
| Tags: |
Aggiungi Tag
Nessun Tag, puoi essere il primo ad aggiungerne!!
|
MARC
| LEADER | 00000nam a22000007a 4500 | ||
|---|---|---|---|
| 003 | CL-VaPUC | ||
| 005 | 20230801123459.0 | ||
| 008 | 230607t2010 ||||| |||| 00| 0 eng d | ||
| 999 | |c 441090 |d 441088 | ||
| 040 | |c Pontificia Universidad Católica de Valparaíso | ||
| 082 | 0 | 4 | |2 22 |a 983.065 SAL 2010 |
| 100 | 1 | |a Salvatierra, Luis |e autor |e fotografía |9 882853 | |
| 245 | |a De violencias y utopías. |b El papel queda en blanco para denunciar la injusticia. | ||
| 260 | |a Viña del Mar, Chile: |b Ediciones CC Pensamiento Crítico, |c 2010. | ||
| 300 | |a 115 páginas; ilustraciones. | ||
| 500 | |a c.1 Donación Profesor Bruno Cuneo. Memo ART 03/2023. | ||
| 583 | |c 20230607 |k Catalogador Asistente | ||
| 650 | 1 | |a Dictadura militar |z Chile |y 1973-1990 |x Obras ilustradas |9 882924 | |
| 650 | 1 | |a Golpe de Estado |y 1973 |x Historia de Chile |x Obras ilustradas |9 882925 | |
| 650 | 1 | |a Pronunciamiento militar |y 1973 |x Historia de Chile |x Obras ilustradas |9 882926 | |
| 650 | 1 | |a Historia de Chile |x Tortura |x 1973 |9 882927 | |
| 700 | |a Sinn, Patricia |e autora |9 882854 | ||
| 942 | |2 ddc |c BK | ||
| 952 | |0 0 |1 0 |2 ddc |4 0 |6 983_065000000000000_SAL_2010 |7 0 |8 A |9 590398 |a BIBART |b BIBART |d 2023-06-07 |e Donación |i 5657730 |o 983.065 SAL 2010 |p 5657730 |r 2025-03-13 |t 1 |w 2023-06-07 |y BK_R |k ART | ||